| 000 | 00472cam a2200169ua 4500 | ||
|---|---|---|---|
| 003 | OSt | ||
| 008 | 250423b |||||||| |||| 00| 0 eng d | ||
| 020 | _a9788131700679 | ||
| 082 |
_a624.1517 _bGOP/AD |
||
| 100 |
_aGopi, Satheesh . _9753 |
||
| 245 | _aAdvanced Surveying: Total Station, GIS and Remote Sensing / | ||
| 260 |
_aNoida _bPearson Education Asia , _c2015 |
||
| 300 | _a352 ; . | ||
| 700 | 1 |
_aMadhu, N . _9754 |
|
| 700 | 1 |
_aSathikumar, R . _9755 |
|
| 942 | _cBK | ||
| 999 |
_c13241 _d13241 |
||